Tatsachen über Deutschland

Uložené v:
Podrobná bibliografia
Médium: Kniha
Jazyk:German
Vydané: Frankfurt am Main : Societäts-Verlag, 1997
ISBN: 3-7973-0658-X
Fyzický popis: 568 S.
Tagy: Pridať tag
Žiadne tagy, Buďte prvý kto otaguje tento záznam!

MARC

LEADER 00000nam a2200000 a 4500
001 000478607
003 SVKK
005 20060111094531.0
008 060111s1997 e gero
020 |a 3-7973-0658-X 
040 |a KE001  |b ger 
080 |a 908  |2 undef 
245 0 0 |a Tatsachen über Deutschland 
260 |a Frankfurt am Main :  |b Societäts-Verlag,  |c 1997 
300 |a 568 S. 
850 |a KE001 
998 |a KN 
992 |a AMG 
090 |g SCKGI  |k Študovňa GI  |a 908 TAT  |j 5132/98  |i G2720001113  |s Vyradená